| 000 | 00384nam a2200133Ia 4500 | ||
|---|---|---|---|
| 008 | 220217s9999||||xx |||||||||||||| ||und|| | ||
| 020 | _a9788126517732 | ||
| 082 | _a005.14 PEZ | ||
| 100 |
_aBotros, Nazeih M _94991 |
||
| 245 | 0 | _aHDL Programming Fundamentals VHDL and Verilog | |
| 260 |
_aDream tech _bNew Delhi _c2010 |
||
| 300 |
_aXIV, 506p. _b399 |
||
| 650 | _aSOFTWARE TESTING | ||
| 999 |
_c179177 _d179177 |
||